OPAC Home

කාව්‍ය ශේඛර (Record no. 105320)

MARC details
000 -LEADER
fixed length control field 00509nam a2200193Ia 4500
003 - CONTROL NUMBER IDENTIFIER
control field LK-CoDNM
005 - DATE AND TIME OF LATEST TRANSACTION
control field 20240323104100.0
008 - FIXED-LENGTH DATA ELEMENTS--GENERAL INFORMATION
fixed length control field 010623t1960 xxu||||| |||| 00| 1 sin d
040 ## - CATALOGING SOURCE
Original cataloging agency LK-CoDNM
Modifying agency LK-CoDNM
Description conventions LK-CoDNM
041 ## - LANGUAGE CODE
Language code of text/sound track or separate title Sinhala; Sinhalese
080 ## - UNIVERSAL DECIMAL CLASSIFICATION NUMBER
Universal Decimal Classification number ග31
942 ## - ADDED ENTRY ELEMENTS (KOHA)
Koha item type Books
100 ## - MAIN ENTRY--PERSONAL NAME
Personal name Batuvantudave
700 ## - ADDED ENTRY--PERSONAL NAME
Personal name Rahula thero,Totagamuve
245 ## - TITLE STATEMENT
Title කාව්‍ය ශේඛර
246 ## - VARYING FORM OF TITLE
Title proper/short title The Kavyasekara
260 ## - PUBLICATION, DISTRIBUTION, ETC. (IMPRINT)
Name of publisher, distributor, etc. Rathnakara Book Shop
Place of publication, distribution, etc. Colombo
Date of publication, distribution, etc. 1960
300 ## - PHYSICAL DESCRIPTION
Other physical details Damaged
Extent xiv,190p.,20 cm
Holdings
Withdrawn status Lost status Damaged status Not for loan Collection code Permanent Location Current Location Date acquired Full call number Barcode Koha item type
        Monographs Library National Museum Colombo - Sri Lanka Library National Museum Colombo - Sri Lanka 2023-08-02 ග 31 OB2238-1 Books
Copyright © 2023 Department of National Museum, Colombo 07, Sri Lanka Funded by UNESCO IFAP UNESCO